书目信息 |
| 题名: |
特殊函数概论
|
|
| 作者: | 王竹溪 , 郭敦仁 编著 | |
| 分册: | ||
| 出版信息: | 北京 科学出版社 1965 |
|
| 页数: | 760页 | |
| 开本: | 20cm | |
| 丛书名: | ||
| 单 册: | ||
| 中图分类: | O174.6 | |
| 科图分类: | ||
| 主题词: | 特殊函数--概论 | |
| 电子资源: | ||
| ISBN: | ||
| 000 | 00573nam2 2200205 45 | |
| 001 | 0112291054 | |
| 005 | 20060818145315.06 | |
| 010 | @dCNY3.45@b精装 | |
| 091 | @a13031.849 | |
| 100 | @a20011229e20012000km y0chiy0120 ea | |
| 101 | 0 | @achi |
| 200 | 1 | @a特殊函数概论@ATe Shu Han Shu Gai Lun@f王竹溪,郭敦仁编著@FWang Zhu Xi,Guo Dun Ren Bian Zhu |
| 210 | @a北京@c科学出版社@d1965 | |
| 215 | @a760页@d20cm | |
| 606 | 0 | @a特殊函数@x概论 |
| 690 | @aO174.6@v4 | |
| 701 | 0 | @a王竹溪@4编著 |
| 701 | 0 | @a郭敦仁@4编著 |
| 801 | @aCN@b唐山师范学院图书馆@c20060818 | |
| 905 | @dO174.6@e177 | |
| 特殊函数概论/王竹溪,郭敦仁编著.-北京:科学出版社,1965 |
| 760页;20cm |
| ISBN (精装):CNY3.45 |
| ● |
| 相关链接 |
|
|
|
|
正题名:特殊函数概论
索取号:O174.6/177
 
预约/预借
| 序号 | 登录号 | 条形码 | 馆藏地/架位号 | 状态 | 备注 |
| 1 | 0008552 | 000421252 | 第二样本阅览室/ [索取号:O174.6/177] | 在馆 | |
| 2 | 0032850 | 000555278 | 第三借阅区/ [索取号:O174.6/177] | 在馆 | |
| 3 | 0032855 | 000555269 | 工具书阅览室/ [索取号:O174.6/177] | 在馆 | |
| 4 | 0172027 | 202089364 | 密集书库/ [索取号:O174.6/177] | 在馆 | |
| 5 | 0442492 | 204424925 | 密集书库/ [索取号:O174.6/177] | 在馆 | |
| 6 | 0455310 | 204553107 | 密集书库/ [索取号:O174.6/177] | 在馆 | |
| 7 | 0468681 | 204686811 | 密集书库/ [索取号:O174.6/177] | 在馆 |